00461nam a2200181 a 4500001001300000003000900013005001700022008004100039020000800080082001600088100001100104245003000115260006100145300000900206500003500215650001800250700001100268nice12345678IN_TiNIC20260116014406.0130107s2004 dhaa grp 000 0 eng  ac000a951.5bTIB2 aTipa,  aTibetan Traditional Dress aDharamsala bTibetan Institute of Performing Arts c2004 a54P  aincludes index and biblioraphy aTibet-Culture1 aTipa,